000 00850nam a2200301 a 4500
003 AR-BaBNM
005 20251128203419.0
008 082120s2002 ||||||||||||||000 | spa||
020 _a84-249-1363-9
040 _cAR-BaBNM
100 1 _aCorominas, Joan
245 0 0 _aDiccionario crítico etimológico castellano e histórico
_bce-f
_n2
260 _aMadrid
_bGredos
_c1980
300 _a985 p.
490 0 _aBiblioteca Románica Hispánica. V. Diccionarios
_v7
650 4 _aDICCIONARIOS
650 4 _aLINGÜISTICA
650 4 _aLINGÜISTICA COMPARATIVA Y DIACRONICA
650 4 _aETIMOLOGIA
650 4 _aCAMBIO LINGÜISTICO
650 4 _aFILOLOGIA
650 4 _aANALISIS LINGÜISTICO
655 _aREFERENCIA
700 1 _aPascual, José A.
_ecolaborador
800 1 _aAlonso, Dámaso
_edirector
942 _cBK
998 _claura
999 _c3281
_d3281